[Event "26th EUR-ch"]
[Site "Katowice POL"]
[Date "2026.04.13"]
[Round "6.190"]
[White "Kaplanova, Dominika"]
[Black "Petrovic, Aleksa"]
[Result "0-1"]
[WhiteElo "1869"]
[BlackElo "2178"]
[EventDate "2026.04.07"]
[PlyCount "62"]

1.d4 g6 2.c4 Bg7 3.Nc3 d6 4.e4 c6 5.Be3 a6 6.Bd3 b5 7.a3 bxc4 8.Bxc4 Nf6 
9.f3 Nbd7 10.Nge2 O-O 11.O-O d5 12.Bd3 dxe4 13.Nxe4 Nd5 14.Bf2 Bh6 15.Re1 
a5 16.Qc2 Bb7 17.g3 Qb8 18.Nc5 Nxc5 19.dxc5 Bg7 20.f4 Ba6 21.Bxa6 Rxa6 22.
Bd4 e5 23.Qd3 Ra8 24.Bxe5 Bxe5 25.fxe5 Qxb2 26.Nd4 Qb7 27.Rab1 Qd7 28.e6 
fxe6 29.Rxe6 Rae8 30.Rd6 Qh3 31.Rf1 Ne3 0-1

[Event "26th EUR-ch"]
[Site "Katowice POL"]
[Date "2026.04.13"]
[Round "6.191"]
[White "Kondys, Piotr"]
[Black "Rozhok, Oleksii"]
[Result "1-0"]
[WhiteElo "2178"]
[BlackElo "1979"]
[EventDate "2026.04.07"]
[PlyCount "69"]

1.e4 c5 2.Nf3 d6 3.d4 cxd4 4.Nxd4 Nf6 5.Nc3 a6 6.h3 e5 7.Nb3 Be6 8.Be3 Be7
9.Qf3 b5 10.O-O-O b4 11.Nd5 Nxd5 12.exd5 Bd7 13.g4 a5 14.Nd2 Na6 15.Nc4 
Nc7 16.Nb6 Rb8 17.Nxd7 Qxd7 18.Bd3 Qa4 19.Kb1 Nb5 20.Ka1 Nc7 21.Qe4 g6 22.
f4 f6 23.fxe5 fxe5 24.Rdf1 Qd7 25.h4 Ra8 26.g5 Kd8 27.h5 gxh5 28.Rxh5 Kc8 
29.Rxh7 Kb7 30.Rff7 Rxh7 31.Rxh7 Rg8 32.g6 Qd8 33.Qc4 Qd7 34.Rxe7 Qxe7 35.
Qc6+ 1-0

[Event "26th EUR-ch"]
[Site "Katowice POL"]
[Date "2026.04.13"]
[Round "6.192"]
[White "Pietrzak, Wojciech"]
[Black "Krzywda, Andrzej"]
[Result "0-1"]
[WhiteElo "1854"]
[BlackElo "2172"]
[EventDate "2026.04.07"]
[PlyCount "64"]

1.d4 Nf6 2.c4 g6 3.Nf3 Bg7 4.e3 O-O 5.Be2 d6 6.O-O Nbd7 7.Nc3 e5 8.b4 Re8 
9.Bb2 e4 10.Nd2 Nf8 11.Qc2 Bf5 12.Rfc1 h5 13.Nd5 N8h7 14.a4 Rc8 15.b5 h4 
16.Nb4 h3 17.g3 Ng5 18.a5 c5 19.bxc6 bxc6 20.Qa4 Bd7 21.c5 d5 22.Rcb1 Qe7 
23.Ba3 Qe6 24.Na6 Qf5 25.Qd1 Nf3+ 26.Nxf3 exf3 27.Bd3 Qh5 28.Ra2 Bf5 29.
Rb7 Rxe3 30.Bxf5 gxf5 31.Bc1 Re2 32.Ra1 Ng4 0-1

[Event "26th EUR-ch"]
[Site "Katowice POL"]
[Date "2026.04.13"]
[Round "6.193"]
[White "Karpov, Vladyslav"]
[Black "Tirpan, Ceren"]
[Result "0-1"]
[WhiteElo "1828"]
[BlackElo "2167"]
[EventDate "2026.04.07"]
[PlyCount "160"]

1.e4 c5 2.Nf3 e6 3.d4 cxd4 4.Nxd4 a6 5.Be2 Nf6 6.Nc3 Bb4 7.e5 Nd5 8.O-O 
Nxc3 9.bxc3 Be7 10.Bd3 d6 11.f4 Qc7 12.Qg4 Qxc3 13.Be3 g6 14.Rab1 Nd7 15.
Rb3 Qa5 16.exd6 Nf6 17.Qg5 Qxg5 18.fxg5 Nd5 19.dxe7 Nxe3 20.Re1 Nf5 21.
Bxf5 gxf5 22.Rd3 Bd7 23.Red1 e5 24.Nf3 Be6 25.Nxe5 Kxe7 26.Rb1 Rab8 27.Rb6
Rhc8 28.c3 Rc7 29.Rh3 Rg8 30.Rxh7 Rxg5 31.h4 Rg8 32.h5 Bd5 33.Ng6+ Ke8 34.
Nf4 Bc6 35.Rb2 Re7 36.h6 Re4 37.Nh5 Ke7 38.Rg7 Rh8 39.Ng3 Re5 40.h7 Kf8 
41.Nh5 f4 42.Rd2 Ke7 43.Nxf4 Kf6 44.Rg8 Rxh7 45.Nd3 Reh5 46.Rf2+ Ke7 47.
Re2+ Kd6 48.Rd8+ Kc7 49.Rf8 f5 50.Nf4 Rh1+ 51.Kf2 Be4 52.Ne6+ Kb6 53.Ng5 
Re7 54.Rf6+ Ka7 55.Nxe4 fxe4 56.Ke3 Rd1 57.Rd2 Rc1 58.Rf4 Rxc3+ 59.Kd4 Ra3
60.Re2 Rd3+ 61.Kc4 b5+ 62.Kb4 e3 63.a4 bxa4 64.Kxa4 Rd2 65.Re1 Rxg2 66.Kb3
Rd2 67.Kc3 Rd5 68.Kc4 Rd8 69.Rf3 Rc7+ 70.Kb3 Rd3+ 71.Kb2 Rb7+ 72.Ka2 Rd2+ 
73.Ka3 Rd5 74.Ka4 Rd4+ 75.Ka3 Rd3+ 76.Ka2 Rbb3 77.Rf7+ Kb6 78.Rf6+ Ka5 79.
Rf4 Rb4 80.Rf5+ Ka4 0-1

[Event "26th EUR-ch"]
[Site "Katowice POL"]
[Date "2026.04.13"]
[Round "6.194"]
[White "Panasiuk, Piotr"]
[Black "Gradalski, Olaf"]
[Result "0-1"]
[WhiteElo "1787"]
[BlackElo "2167"]
[EventDate "2026.04.07"]
[PlyCount "98"]

1.e4 e5 2.Nf3 Nc6 3.Nc3 d6 4.d4 Bg4 5.dxe5 Bxf3 6.Qxf3 Nd4 7.Qd1 dxe5 8.
Bd3 c6 9.O-O Be7 10.Ne2 Ne6 11.Be3 Bc5 12.Qd2 Nf6 13.Rfd1 Qb6 14.Bxc5 Nxc5
15.Qc3 O-O 16.Ng3 Ng4 17.Rf1 Rfe8 18.Bc4 Nf6 19.Rfe1 g6 20.a4 a5 21.b3 Kg7
22.Qe3 h6 23.Rad1 Rad8 24.h3 Qb4 25.Kh2 Nh7 26.h4 h5 27.f3 f6 28.Ra1 Nf8 
29.Red1 Rxd1 30.Rxd1 Nxa4 31.Qc1 Nb6 32.c3 Qc5 33.Bf1 Ne6 34.Qb2 Rd8 35.
Re1 Rd7 36.Nh1 a4 37.b4 Qd6 38.Qa2 Nf4 39.Rc1 Qd2 40.Rc2 Qe1 41.Ng3 Rd1 
42.b5 Ra1 43.Qb2 c5 44.Rd2 Nc4 45.Rd7+ Kf8 46.Qc2 Ne3 47.Qb2 Nxf1+ 48.Nxf1
Qxf1 49.Qd2 Rd1 0-1

[Event "26th EUR-ch"]
[Site "Katowice POL"]
[Date "2026.04.13"]
[Round "6.195"]
[White "Wacior, Maciej"]
[Black "Konopka, Jeremie"]
[Result "1/2-1/2"]
[WhiteElo "2160"]
[BlackElo "1930"]
[EventDate "2026.04.07"]
[PlyCount "96"]

1.d4 g6 2.Nf3 Bg7 3.Bf4 d6 4.e3 Nd7 5.c3 e5 6.dxe5 dxe5 7.Bg3 Ne7 8.Bc4 
O-O 9.Nbd2 Nf5 10.e4 Nxg3 11.hxg3 Nb6 12.Bb3 Qe7 13.Qe2 h6 14.Qe3 g5 15.
Qe2 a5 16.a4 Nd7 17.Nf1 Nc5 18.Bc2 Be6 19.Ne3 Ra6 20.O-O Rb6 21.b4 axb4 
22.a5 Rd6 23.cxb4 Na6 24.b5 Nb4 25.Rfb1 Nxc2 26.Qxc2 Bc8 27.Ra4 Be6 28.a6 
bxa6 29.bxa6 Ra8 30.a7 Rb6 31.Nd2 Qd7 32.Rba1 Rb7 33.Ndc4 Qc6 34.Ra6 Qc5 
35.R6a5 Qb4 36.Qa4 Bf8 37.Nxe5 Qxa4 38.R1xa4 Bb4 39.Ra6 Bc5 40.Nc6 Bd7 41.
Rc4 Rb6 42.Nb8 Bxe3 43.Rxb6 Bxb6 44.Nxd7 Bxa7 45.Rxc7 Bd4 46.Rc2 Rd8 47.
Rc7 Ra8 48.Rc2 Rd8 1/2-1/2

[Event "26th EUR-ch"]
[Site "Katowice POL"]
[Date "2026.04.13"]
[Round "6.196"]
[White "Kosmas-Lekkas, Dimitrios"]
[Black "Galazka, Aleksander"]
[Result "1/2-1/2"]
[WhiteElo "2195"]
[BlackElo "1913"]
[EventDate "2026.04.07"]
[PlyCount "49"]

1.c4 c5 2.g3 Nc6 3.Bg2 b6 4.Nf3 Bb7 5.O-O e6 6.e3 d5 7.cxd5 exd5 8.d4 Nf6 
9.Nc3 Be7 10.dxc5 bxc5 11.b3 O-O 12.Bb2 Qd7 13.Rc1 Rfd8 14.Na4 Ne4 15.Ba3 
Ba6 16.Re1 c4 17.Bxe7 Qxe7 18.Nd4 Nb4 19.bxc4 Bxc4 20.f3 Nc5 21.Nxc5 Qxc5 
22.Qd2 Rac8 23.Bf1 Qe7 24.Nf5 Qc5 25.Nd4 1/2-1/2

[Event "26th EUR-ch"]
[Site "Katowice POL"]
[Date "2026.04.13"]
[Round "6.197"]
[White "Margaritis, Ioannis M."]
[Black "Portelli, Matthew"]
[Result "1-0"]
[WhiteElo "2012"]
[BlackElo "2213"]
[EventDate "2026.04.07"]
[PlyCount "162"]

1.d4 d5 2.c4 dxc4 3.e4 Nf6 4.e5 Nd5 5.Bxc4 Nb6 6.Bd3 Nc6 7.Be3 Nb4 8.Be4 
f5 9.a3 N4d5 10.Bf3 e6 11.Ne2 Be7 12.O-O O-O 13.Nbc3 c6 14.Nxd5 Nxd5 15.
Qa4 Qb6 16.Rab1 Rd8 17.g4 Nxe3 18.fxe3 Bg5 19.Kf2 Rf8 20.gxf5 Rxf5 21.Ng3 
Rf7 22.Ne4 Be7 23.Kg2 Bd7 24.Qc4 c5 25.dxc5 Bb5 26.cxb6 Bxc4 27.Rfd1 axb6 
28.Nd6 Bxd6 29.exd6 Rd8 30.Rbc1 b5 31.Rc3 Rf5 32.b3 Bd5 33.e4 Rg5+ 34.Kf2 
Bc6 35.h4 Re5 36.Ke3 Kf7 37.Kf4 Kf6 38.b4 h6 39.Rc5 g5+ 40.hxg5+ hxg5+ 41.
Kg3 Rxc5 42.bxc5 Ke5 43.Kg4 Bd7 44.Kxg5 Rg8+ 45.Kh6 Rg3 46.Bh5 Rh3 47.Kg5 
Kxe4 48.Bg6+ Ke5 49.Re1+ Kd5 50.Kf6 Rh6 51.Re5+ Kd4 52.Rg5 e5 53.Ke7 Bc6 
54.d7 Bxd7 55.Kxd7 Kxc5 56.Rxe5+ Kd4 57.Rg5 Rh3 58.Rxb5 Rxa3 59.Bf7 Rf3 
60.Be6 Rg3 61.Kd6 Rg7 62.Rb4+ Kc3 63.Rc4+ Kd3 64.Rh4 Rg5 65.Rb4 Rg7 66.Ke5
Rc7 67.Rb3+ Kc2 68.Bd5 Re7+ 69.Kd4 Rd7 70.Rg3 b5 71.Rg2+ Kc1 72.Kc5 b4 73.
Bb3 Rd2 74.Rg1+ Kb2 75.Kxb4 Rd4+ 76.Bc4 Rd2 77.Rg7 Rh2 78.Ra7 Rh4 79.Ra2+ 
Kc1 80.Kc3 Kb1 81.Ra8 Rh6 1-0

[Event "26th EUR-ch"]
[Site "Katowice POL"]
[Date "2026.04.13"]
[Round "6.198"]
[White "Bachor, Tomasz"]
[Black "Radzikowski, Dawid"]
[Result "1/2-1/2"]
[WhiteElo "2178"]
[BlackElo "2007"]
[EventDate "2026.04.07"]
[PlyCount "126"]

1.e4 e5 2.Nf3 Nc6 3.Bb5 Nf6 4.O-O Nxe4 5.d4 Nd6 6.Bxc6 dxc6 7.dxe5 Nf5 8.
Qxd8+ Kxd8 9.h3 Be7 10.Nc3 Be6 11.Ng5 Bc4 12.Rd1+ Ke8 13.b3 h6 14.Nge4 Be6
15.g4 Nh4 16.f4 Rd8 17.Rxd8+ Kxd8 18.Be3 Kc8 19.Kf2 Bd5 20.Rd1 Bxe4 21.
Nxe4 Ng6 22.Kf3 h5 23.Ng3 hxg4+ 24.hxg4 Rh2 25.Rd2 Rh3 26.Kg2 Rh7 27.Rd1 
Nh4+ 28.Kf2 Ng6 29.Kg2 Nh4+ 30.Kf2 Ng6 31.Nh5 Nf8 32.Rh1 g6 33.Ng3 Bh4 34.
Kf3 Bxg3 35.Rxh7 Nxh7 36.Kxg3 b6 37.f5 Kd7 38.Kf4 gxf5 39.gxf5 Nf8 40.Kg5 
Ke7 41.Kh6 Nd7 42.Bf4 Kf8 43.Kh7 b5 44.b4 a6 45.Kh8 c5 46.bxc5 Nxc5 47.
Bh6+ Ke7 48.Bg5+ Kf8 49.Bh6+ Ke7 50.Kg7 Ne4 51.e6 fxe6 52.f6+ Nxf6 53.Bg5 
e5 54.Kg6 Ke6 55.Bxf6 c5 56.Kg5 a5 57.Bg7 b4 58.Kg4 a4 59.Bf8 Kd5 60.Kf3 
Kd4 61.Ke2 b3 62.cxb3 axb3 63.axb3 Kc3 1/2-1/2

[Event "26th EUR-ch"]
[Site "Katowice POL"]
[Date "2026.04.13"]
[Round "6.199"]
[White "Sliwicki, Damian"]
[Black "Zawisza, Alan"]
[Result "1-0"]
[WhiteElo "2176"]
[BlackElo "2007"]
[EventDate "2026.04.07"]
[PlyCount "79"]

1.d4 Nf6 2.Nc3 d5 3.Bf4 a6 4.Nf3 Bf5 5.e3 h6 6.Bd3 e6 7.Ne5 Nbd7 8.Bxf5 
exf5 9.h3 Bd6 10.Qd3 g6 11.g4 fxg4 12.hxg4 Bxe5 13.dxe5 Nxg4 14.Qxd5 c6 
15.Qd4 Qb6 16.Qxb6 Nxb6 17.f3 g5 18.Bxg5 f6 19.Bxf6 Nxf6 20.exf6 Kf7 21.
Ne4 Nd5 22.O-O-O Rad8 23.Rd3 b5 24.Ng3 Rde8 25.e4 Nxf6 26.Nf5 Reg8 27.
Nxh6+ Ke6 28.Rdd1 Rg2 29.f4 Rh7 30.a3 Rb7 31.Nf5 Nxe4 32.Nd4+ Kf6 33.Rde1 
Nc5 34.b4 Rd7 35.Rh6+ Rg6 36.Rxg6+ Kxg6 37.Nxc6 Rc7 38.Ne5+ Kf5 39.bxc5 
Rxc5 40.Nd3 1-0

[Event "26th EUR-ch"]
[Site "Katowice POL"]
[Date "2026.04.13"]
[Round "6.200"]
[White "Latzke, Boris"]
[Black "Pasa, Ahmet"]
[Result "0-1"]
[WhiteElo "2173"]
[BlackElo "2004"]
[EventDate "2026.04.07"]
[PlyCount "102"]

1.d4 d5 2.c4 e6 3.Nc3 Nf6 4.cxd5 exd5 5.Bg5 Bb4 6.e3 h6 7.Bh4 g5 8.Bg3 Ne4
9.Ne2 h5 10.f3 Nxg3 11.hxg3 Nc6 12.Qc2 Qd6 13.O-O-O Be6 14.e4 O-O-O 15.
exd5 Bxd5 16.Qf5+ Be6 17.Qxg5 Bxc3 18.Nxc3 Nxd4 19.Rh4 Qb6 20.Bd3 Nc6 21.
Rhh1 Rhg8 22.Qf4 Rd4 23.Be4 Rgd8 24.Rxd4 Nxd4 25.Kb1 Nb5 26.Nxb5 Qxb5 27.
Rc1 Qa5 28.a3 Kb8 29.Qf6 Qd2 30.Qe5 Ba2+ 31.Kxa2 Qxc1 32.Qb5 c6 33.Qe5+ 
Ka8 34.Qxh5 Qc4+ 35.Ka1 a6 36.Qf5 Rd1+ 37.Bb1 Rd2 38.Qe4 Qxe4 39.Bxe4 Rxg2
40.g4 Kb8 41.Ka2 Kc7 42.Kb3 b5 43.Kc3 c5 44.b3 Kd6 45.Bb7 a5 46.a4 bxa4 
47.bxa4 Ra2 48.Kb3 Rd2 49.Ba6 Rd4 50.Bb5 Rf4 51.Be2 Rb4+ 0-1

[Event "26th EUR-ch"]
[Site "Katowice POL"]
[Date "2026.04.13"]
[Round "6.201"]
[White "Kulich, Filip"]
[Black "Malinowski, Damian"]
[Result "1-0"]
[WhiteElo "2171"]
[BlackElo "1984"]
[EventDate "2026.04.07"]
[PlyCount "59"]

1.e4 c6 2.d4 d5 3.exd5 cxd5 4.c4 Nf6 5.Nc3 Nc6 6.Nf3 Bg4 7.cxd5 Nxd5 8.Qb3
Bxf3 9.gxf3 e6 10.Qxb7 Nxd4 11.Bb5+ Nxb5 12.Qc6+ Ke7 13.Qc5+ Nd6 14.Nxd5+ 
exd5 15.O-O Qc8 16.Qxd5 Qb7 17.Qh5 Kd7 18.Rd1 Re8 19.Bf4 Re6 20.Qxf7+ Be7 
21.Bxd6 Rxd6 22.Rxd6+ Kxd6 23.Rd1+ Kc6 24.Qe6+ Kb5 25.Qb3+ Ka6 26.Qa4+ Kb6
27.Rd7 Qa6 28.Qb3+ Kc6 29.Qd5+ Kb6 30.Rxe7 1-0

[Event "26th EUR-ch"]
[Site "Katowice POL"]
[Date "2026.04.13"]
[Round "6.202"]
[White "Pousada Garcia, Victor Daniel"]
[Black "Pavlidou, Ekaterini"]
[Result "0-1"]
[WhiteElo "1984"]
[BlackElo "2166"]
[EventDate "2026.04.07"]
[PlyCount "70"]

1.e4 c5 2.Nf3 Nc6 3.c3 d5 4.exd5 Qxd5 5.d4 Bf5 6.Nbd2 cxd4 7.Bc4 Qd6 8.Qb3
O-O-O 9.O-O d3 10.Nd4 Bg6 11.Nxc6 Qxc6 12.Nf3 e6 13.Be3 Bc5 14.Nd4 Qb6 15.
Qa4 Ne7 16.b4 Bxd4 17.cxd4 Nf5 18.Bxd3 Nxe3 19.Rfc1+ Kb8 20.Bxg6 Nxg2 21.
Be4 Nf4 22.Rc5 a6 23.Qc2 Rxd4 24.Rc1 Rxb4 25.Bf3 Rb2 26.Qc3 Nh3+ 27.Kf1 
Rxf2+ 28.Ke1 Qb2 29.Qe3 Qb4+ 30.R5c3 Rb2 31.Qe5+ Ka7 32.Qe3+ Qb6 33.Rc5 
Rc8 34.Be2 Rxc5 35.Rxc5 Rc2 0-1

[Event "26th EUR-ch"]
[Site "Katowice POL"]
[Date "2026.04.13"]
[Round "6.203"]
[White "Uzun, Kuzey"]
[Black "Chojnacki, Slawomir"]
[Result "0-1"]
[WhiteElo "1982"]
[BlackElo "2166"]
[EventDate "2026.04.07"]
[PlyCount "78"]

1.d4 d5 2.Nf3 c6 3.Bf4 Bf5 4.c4 Qb6 5.Qc1 e6 6.c5 Qd8 7.b4 Nf6 8.e3 Nh5 9.
Be5 Nd7 10.h3 a6 11.g4 Be4 12.Nbd2 Nhf6 13.Nxe4 Nxe4 14.Nd2 Nxe5 15.dxe5 
Nxd2 16.Kxd2 a5 17.a3 b6 18.Bd3 Be7 19.Qc2 h6 20.f4 d4 21.Be4 O-O 22.Ke2 
bxc5 23.bxc5 dxe3 24.Rhd1 Qc7 25.Kxe3 a4 26.Rac1 g5 27.Kf3 gxf4 28.Rd6 
Bxd6 29.cxd6 Qa5 30.Qc3 Qd8 31.Bxc6 Ra6 32.Qd2 Qh4 33.Qxf4 Rb8 34.Rc3 
Qxh3+ 35.Qg3 Rxc6 36.Rxc6 Rb3+ 37.Ke4 Qxg3 38.Rc8+ Kg7 39.d7 Qe3# 0-1

[Event "26th EUR-ch"]
[Site "Katowice POL"]
[Date "2026.04.13"]
[Round "6.204"]
[White "Wasiluk, Mateusz"]
[Black "Bittner, Titus"]
[Result "0-1"]
[WhiteElo "1933"]
[BlackElo "2162"]
[EventDate "2026.04.07"]
[PlyCount "114"]

1.e4 c5 2.Nf3 e6 3.d4 cxd4 4.Nxd4 Nf6 5.Nc3 Nc6 6.Ndb5 Bc5 7.Bf4 O-O 8.Bc7
Qe7 9.Bd6 Bxd6 10.Qxd6 Qd8 11.Nc7 Rb8 12.Be2 b5 13.e5 Ne8 14.Nxe8 Rxe8 15.
Ne4 Qa5+ 16.c3 b4 17.f4 bxc3 18.bxc3 Rb2 19.Qd3 Nb8 20.O-O Ba6 21.c4 Bb7 
22.Nd6 Rf8 23.Rab1 Rxb1 24.Rxb1 Bc6 25.a3 Qc5+ 26.Kh1 Qf2 27.Bf3 Bxf3 28.
Qxf3 Qd2 29.Qg3 h6 30.h3 Kh7 31.Kh2 a6 32.Rb3 Nc6 33.Qd3+ Qxd3 34.Rxd3 f6 
35.exf6 Rxf6 36.Kg3 e5 37.fxe5 Nxe5 38.Rd5 Re6 39.c5 g6 40.Kf4 g5+ 41.Ke4 
Ng6+ 42.Kd4 Ne7 43.Nc4 Nxd5 44.Kxd5 Kg7 45.Ne5 Kf6 46.Nxd7+ Ke7 47.Ne5 Rf6
48.Nc6+ Kd7 49.Nd4 Rf2 50.g4 Rh2 51.c6+ Kc7 52.Ne6+ Kc8 53.Kd6 Rxh3 54.c7 
Rd3+ 55.Kc6 Rxa3 56.Nc5 Rc3 57.Kb6 Rxc5 0-1

[Event "26th EUR-ch"]
[Site "Katowice POL"]
[Date "2026.04.13"]
[Round "6.205"]
[White "Vainbaum , Moisei"]
[Black "Chmiel, Pawel"]
[Result "1-0"]
[WhiteElo "2159"]
[BlackElo "1949"]
[EventDate "2026.04.07"]
[PlyCount "67"]

1.e4 e6 2.d4 d5 3.e5 c5 4.c3 Nc6 5.Nf3 Bd7 6.Be2 Nge7 7.Na3 cxd4 8.cxd4 
Nf5 9.Nc2 h5 10.O-O Be7 11.h3 g5 12.Nh2 Qb6 13.Be3 O-O-O 14.Bxh5 f6 15.
exf6 Bxf6 16.Bg4 Nfxd4 17.b4 e5 18.Rb1 Kb8 19.Bxd7 Rxd7 20.Ng4 Bg7 21.b5 
Na5 22.Nxe5 Bxe5 23.Nxd4 Qg6 24.Qa4 g4 25.Nc6+ bxc6 26.bxc6+ Ka8 27.cxd7 
gxh3 28.g4 d4 29.f3 Nc6 30.Qa6 Rb8 31.Rxb8+ Bxb8 32.d8=Q Qc2 33.Qxc6+ Qxc6
34.Bf4 1-0

[Event "26th EUR-ch"]
[Site "Katowice POL"]
[Date "2026.04.13"]
[Round "6.206"]
[White "Luba, Lukasz"]
[Black "Chmiel, Dominika"]
[Result "1-0"]
[WhiteElo "2138"]
[BlackElo "1932"]
[EventDate "2026.04.07"]
[PlyCount "69"]

1.d4 Nf6 2.Bf4 g6 3.h4 Bg7 4.e3 c5 5.c3 cxd4 6.exd4 Qb6 7.Qb3 Qxb3 8.axb3 
d6 9.Na3 O-O 10.Nc4 Nd5 11.Bd2 Nc6 12.Be2 Bd7 13.Bf3 Nb6 14.h5 Nxc4 15.
bxc4 a5 16.hxg6 hxg6 17.Nh3 a4 18.Ng5 Rfe8 19.Bd5 e6 20.Bf3 Na5 21.Ne4 
Nxc4 22.Bg5 f5 23.Nf6+ Bxf6 24.Bxf6 Kf7 25.Rh7+ Kxf6 26.Rxd7 Nxb2 27.Rxd6 
Ra7 28.Rb6 a3 29.Be2 Rc8 30.Rb3 Rca8 31.Kd2 Ke7 32.Kc2 Kd6 33.Rb6+ Kd7 34.
f4 Rc8 35.Rxb2 1-0

[Event "26th EUR-ch"]
[Site "Katowice POL"]
[Date "2026.04.13"]
[Round "6.207"]
[White "Tyshniuk, Roman"]
[Black "Madrawski, Krzysztof"]
[Result "1-0"]
[WhiteElo "1931"]
[BlackElo "2132"]
[EventDate "2026.04.07"]
[PlyCount "71"]

1.e4 g6 2.d4 Bg7 3.Nc3 a6 4.f4 b5 5.Nf3 Bb7 6.Bd3 Nf6 7.e5 Nd5 8.Nxd5 Bxd5
9.O-O e6 10.a4 b4 11.c4 Bb7 12.a5 O-O 13.Qe1 d6 14.Qxb4 Bxf3 15.Rxf3 Nc6 
16.Qc3 dxe5 17.dxe5 Nd4 18.Re3 c5 19.b4 cxb4 20.Qxb4 Rb8 21.Qe1 Nb3 22.Rb1
Qxa5 23.Qxa5 Nxa5 24.c5 Rxb1 25.Bxb1 Rb8 26.Be4 f5 27.Bf3 Rb1 28.Rc3 Nb3 
29.c6 Nxc1 30.Kf2 Nd3+ 31.Rxd3 Rc1 32.Rd7 Bf8 33.c7 Bc5+ 34.Ke2 Bb6 35.
Rd8+ Kg7 36.c8=Q 1-0

[Event "26th EUR-ch"]
[Site "Katowice POL"]
[Date "2026.04.13"]
[Round "6.208"]
[White "Tudoroiu, Razvan-Catalin"]
[Black "Damaso Tacoronte, Carolina"]
[Result "1-0"]
[WhiteElo "2122"]
[BlackElo "1918"]
[EventDate "2026.04.07"]
[PlyCount "91"]

1.d4 d5 2.c4 dxc4 3.e3 Nf6 4.Bxc4 e6 5.Nf3 c5 6.O-O a6 7.Nbd2 b5 8.Be2 Bb7
9.a4 b4 10.Qc2 Nbd7 11.b3 Be7 12.Bb2 O-O 13.Rac1 Rc8 14.Nc4 Nb6 15.Rfd1 
Nxc4 16.Bxc4 Qc7 17.Qe2 a5 18.Bb5 Bd5 19.Bc4 Rfd8 20.Ne5 Ba8 21.Ba6 Rb8 
22.Bb5 Qb6 23.Nc4 Qa7 24.dxc5 Rxd1+ 25.Qxd1 Qxc5 26.Nxa5 Qg5 27.Nc6 Bxc6 
28.Bxc6 Rd8 29.Qe2 h6 30.Bf3 Qf5 31.e4 Qg5 32.Rd1 Rc8 33.e5 Nh7 34.a5 Bc5 
35.a6 Qe7 36.Bd4 Ng5 37.Bb7 Rf8 38.h4 Nh7 39.Qc4 Bxd4 40.Rxd4 Re8 41.Qxb4 
Qc7 42.a7 Qc1+ 43.Kh2 Qa1 44.a8=R Rxa8 45.Bxa8 Qxa8 46.Qe7 1-0

[Event "26th EUR-ch"]
[Site "Katowice POL"]
[Date "2026.04.13"]
[Round "6.209"]
[White "Vegh, Endre"]
[Black "Madera, Mateusz"]
[Result "1-0"]
[WhiteElo "2121"]
[BlackElo "1902"]
[EventDate "2026.04.07"]
[PlyCount "77"]

1.d4 d5 2.c4 e6 3.Nc3 Nf6 4.cxd5 exd5 5.Bg5 Be7 6.e3 h6 7.Bf4 c6 8.Bd3 O-O
9.Qc2 Re8 10.Nf3 a5 11.h3 Na6 12.a3 Nc7 13.g4 Ne6 14.Be5 Bd7 15.Ke2 b5 16.
Rag1 b4 17.Nb1 bxa3 18.bxa3 c5 19.g5 hxg5 20.Nxg5 cxd4 21.Bh7+ Kf8 22.
Nxe6+ Bxe6 23.exd4 Bd6 24.Nd2 Bc8 25.f4 Bxa3 26.Bd3 Rb8 27.Kf3 Rb2 28.Qc3 
Qe7 29.Nb1 Ra2 30.Qb3 Ra1 31.Rh2 Qb4 32.Qc2 Rxe5 33.fxe5 Qxd4 34.Qxc8+ Ne8
35.Rd1 Qxe5 36.Re2 Qh5+ 37.Qg4 Qh6 38.Rde1 Nd6 39.Qc8+ 1-0

[Event "26th EUR-ch"]
[Site "Katowice POL"]
[Date "2026.04.13"]
[Round "6.210"]
[White "Lorenz, Roger"]
[Black "Ivanauskas, Deividas"]
[Result "0-1"]
[WhiteElo "2118"]
[BlackElo "1883"]
[EventDate "2026.04.07"]
[PlyCount "50"]

1.d4 d5 2.c4 c5 3.cxd5 Nf6 4.e4 Nxe4 5.dxc5 Qa5+ 6.Bd2 Nxd2 7.Qxd2 Qxd2+ 
8.Nxd2 g6 9.Rc1 Bh6 10.Bb5+ Nd7 11.c6 bxc6 12.Bxc6 Rb8 13.Ba4 Bxd2+ 14.
Kxd2 Rxb2+ 15.Ke3 O-O 16.Bb3 Nf6 17.Nh3 Bb7 18.Rhd1 Rd8 19.Nf4 Ba6 20.Rc6 
Bb5 21.Rc7 g5 22.Nd3 Rxb3 23.Rxa7 Nxd5+ 24.Kd4 Rxd3+ 25.Rxd3 Nf4+ 0-1

[Event "26th EUR-ch"]
[Site "Katowice POL"]
[Date "2026.04.13"]
[Round "6.211"]
[White "Duda, Aleksandra"]
[Black "Podgorski, Maciej"]
[Result "0-1"]
[WhiteElo "1878"]
[BlackElo "2113"]
[EventDate "2026.04.07"]
[PlyCount "118"]

1.d4 Nf6 2.Bf4 g6 3.Nc3 d5 4.Nf3 c6 5.e3 Bg7 6.Bd3 O-O 7.h3 c5 8.O-O cxd4 
9.exd4 Nc6 10.a3 Bd7 11.Re1 Rc8 12.Qd2 a6 13.Bh6 Qc7 14.Bxg7 Kxg7 15.Ne5 
Be6 16.Bf1 Nxe5 17.Rxe5 Nd7 18.Ree1 Nb6 19.Rad1 Qd6 20.Qe3 Rc7 21.Bd3 Nc4 
22.Bxc4 Rxc4 23.Qe5+ Qxe5 24.Rxe5 Rfc8 25.f4 b5 26.Rd2 h5 27.Kf2 b4 28.
axb4 Rxb4 29.Nd1 a5 30.Kf3 Bf5 31.Rxd5 Bxc2 32.Ne3 Rxb2 33.Rxc2 Rbxc2 34.
Nxc2 Rxc2 35.Rxa5 Rd2 36.Rd5 e6 37.Rd8 h4 38.Kg4 Rxg2+ 39.Kxh4 Kh6 40.Rh8+
Kg7 41.Ra8 Kf6 42.Ra7 Rd2 43.Rd7 Rd3 44.Kg4 Kg7 45.Rd8 f6 46.Rd7+ Kh6 47.
Rd6 f5+ 48.Kh4 Rf3 49.Rxe6 Rxf4+ 50.Kg3 Rxd4 51.Ra6 Kg5 52.Ra3 Kh5 53.Rf3 
Re4 54.Ra3 g5 55.Rb3 f4+ 56.Kg2 Re2+ 57.Kf1 Re3 58.Rxe3 fxe3 59.Ke2 Kh4 
0-1

[Event "26th EUR-ch"]
[Site "Katowice POL"]
[Date "2026.04.13"]
[Round "6.212"]
[White "Marzano, Carlo"]
[Black "Marcos Herrero, Francisco"]
[Result "1-0"]
[WhiteElo "2108"]
[BlackElo "1854"]
[EventDate "2026.04.07"]
[PlyCount "67"]

1.d4 Nf6 2.c4 e6 3.Nc3 Bb4 4.e3 O-O 5.Bd3 Re8 6.Ne2 d5 7.a3 Be7 8.O-O Nbd7
9.cxd5 exd5 10.Ng3 g6 11.b4 Nf8 12.Qc2 h5 13.h3 Kg7 14.Bb2 Bd6 15.e4 Bxg3 
16.fxg3 Be6 17.e5 N6h7 18.Rf2 Re7 19.Raf1 c6 20.Bc1 Rc8 21.Qd2 b6 22.Ne2 
c5 23.Qh6+ Kg8 24.Nf4 Rcc7 25.Nxg6 fxg6 26.Bxg6 Rg7 27.Bxh7+ Nxh7 28.Qxe6+
Kh8 29.bxc5 bxc5 30.dxc5 Rxc5 31.Qh6 Rc8 32.e6 d4 33.Bb2 Qb6 34.Rf8+ 1-0

[Event "26th EUR-ch"]
[Site "Katowice POL"]
[Date "2026.04.13"]
[Round "6.213"]
[White "Tashkinova, Sofiia"]
[Black "Zieba, Franciszek"]
[Result "0-1"]
[WhiteElo "2105"]
[BlackElo "1846"]
[EventDate "2026.04.07"]
[PlyCount "92"]

1.e4 e5 2.Nf3 Nf6 3.Nc3 Nc6 4.h3 Be7 5.Bb5 Nd4 6.Nxe5 Nxb5 7.Nxb5 O-O 8.
Nc3 Re8 9.O-O Bb4 10.Nd3 Bxc3 11.dxc3 Nxe4 12.Nf4 Nf6 13.c4 b6 14.b3 Bb7 
15.Bb2 d6 16.Qd3 a5 17.a4 Be4 18.Qc3 Qd7 19.f3 Bc6 20.Qd3 Qd8 21.Qf5 Nd7 
22.Qg4 Ne5 23.Qg3 Qf6 24.Rab1 Qf5 25.Rf2 Ng6 26.Nd3 Re7 27.Rd1 Rae8 28.Kf1
h5 29.Rfd2 Re3 30.Qf2 Bxf3 31.Kg1 Qg5 32.Rf1 R8e7 33.Kh1 Bc6 34.Kh2 h4 35.
Nf4 Rg3 36.Nd5 Bxd5 37.Rxd5 Qe3 38.Qf5 Qe6 39.Bd4 Qxf5 40.Rdxf5 f6 41.R1f2
Re4 42.Rd2 Nf4 43.Rb5 Nxg2 44.Bxb6 Ne1 45.Bf2 Nf3+ 46.Kh1 Re1+ 0-1

[Event "26th EUR-ch"]
[Site "Katowice POL"]
[Date "2026.04.13"]
[Round "6.214"]
[White "Alpaslan, Utku"]
[Black "Wesolowski, Jeremi"]
[Result "1-0"]
[WhiteElo "2104"]
[BlackElo "1828"]
[EventDate "2026.04.07"]
[PlyCount "53"]

1.e4 c5 2.Nf3 Nc6 3.d4 cxd4 4.Nxd4 Nf6 5.Nc3 e5 6.Ndb5 d6 7.Nd5 Nxd5 8.
exd5 Nb8 9.g4 Be7 10.Rg1 O-O 11.Be3 Nd7 12.Qd2 a6 13.Nc3 b5 14.a4 Qa5 15.
b4 Qxb4 16.axb5 Nc5 17.Rb1 Qa3 18.Bxc5 Qxc5 19.Ne4 Qb6 20.g5 axb5 21.Nf6+ 
Kh8 22.Bd3 g6 23.h4 Qd4 24.h5 Bxf6 25.gxf6 e4 26.Qh6 Qxf6 27.Qxf8# 1-0

[Event "26th EUR-ch"]
[Site "Katowice POL"]
[Date "2026.04.13"]
[Round "6.215"]
[White "Triger, Eitan"]
[Black "Wojtowicz, Marek"]
[Result "1-0"]
[WhiteElo "2095"]
[BlackElo "1836"]
[EventDate "2026.04.07"]
[PlyCount "59"]

1.d4 Nf6 2.c4 d6 3.Nc3 Nbd7 4.e4 e5 5.Nf3 Be7 6.Be2 O-O 7.O-O Re8 8.Qc2 c6
9.Be3 Ng4 10.Bd2 a5 11.h3 exd4 12.Nxd4 Nge5 13.Rad1 Qc7 14.f4 Ng6 15.Be3 
Nc5 16.Bf3 Nh4 17.Bg4 Ng6 18.Nf5 Bxf5 19.Bxf5 b6 20.Bd4 Ne6 21.Bxe6 fxe6 
22.f5 Ne5 23.Na4 Rab8 24.Bxe5 dxe5 25.fxe6 Bf6 26.Rd7 Qc8 27.Rxf6 gxf6 28.
Qf2 Qxd7 29.exd7 Re6 30.Qxb6 1-0

[Event "26th EUR-ch"]
[Site "Katowice POL"]
[Date "2026.04.13"]
[Round "6.216"]
[White "Matskevich, Varvara"]
[Black "Biela, Jan"]
[Result "1-0"]
[WhiteElo "2073"]
[BlackElo "1805"]
[EventDate "2026.04.07"]
[PlyCount "93"]

1.e4 e5 2.Nf3 Nc6 3.Bb5 f5 4.d4 fxe4 5.Nxe5 Nxe5 6.dxe5 c6 7.Be2 Qa5+ 8.
Bd2 Qxe5 9.Bh5+ Kd8 10.Bc3 Qg5 11.O-O Nf6 12.Be2 d5 13.Nd2 Bh3 14.g3 Bxf1 
15.Nxf1 Bd6 16.Bd4 h5 17.h4 Qg6 18.Ne3 Bxg3 19.fxg3 Qxg3+ 20.Ng2 Ng4 21.
Bxg4 hxg4 22.Bxg7 Rg8 23.Qd4 Qd6 24.Be5 c5 25.Bxd6 cxd4 26.Rd1 Kd7 27.Bg3 
Rac8 28.Ne1 Rc4 29.Be5 Ke6 30.Bxd4 a6 31.c3 Rcc8 32.h5 Kf5 33.h6 Kg6 34.
Bg7 Rcd8 35.Nc2 Rxg7 36.hxg7 Kxg7 37.Ne3 Kf6 38.Rxd5 Rxd5 39.Nxd5+ Ke5 40.
Ne3 Kf4 41.Kf2 g3+ 42.Ke2 Kg5 43.c4 Kh4 44.Nf5+ Kh3 45.Nxg3 Kxg3 46.Ke3 
Kg2 47.b4 1-0